Too Much- girl in red - Statistics

General Stats
  • This quiz has been taken 9 times
  • The average score is 215 of 304
Answer Stats
Answer % Correct
a,
100%
a)
100%
a
100%
a-
100%
always
100%
Don't
100%
don't
100%
I
100%
I'm
100%
just
100%
kill
100%
light
100%
love
100%
me
100%
much
100%
my
100%
on
100%
on,
100%
So
100%
so
100%
That
100%
the
100%
To
100%
to
100%
too
100%
when
100%
you
100%
You
100%
you,
100%
your
100%
All
86%
all
86%
Earth,
86%
eyes
86%
for
86%
For
86%
high
86%
in
86%
low
86%
Mars,
86%
Mars
86%
oh
86%
oh-oh
86%
Oh-woah,
86%
over
86%
please
86%
say
86%
understand
86%
We're
86%
were
86%
we're
86%
But
71%
ever
71%
heart
71%
is
71%
(It's
71%
it's
71%
"It's
71%
It's
71%
one,
71%
top
71%
wanted
71%
was
71%
You're
71%
you're
71%
at
57%
different
57%
down
57%
fucking
57%
joke"
57%
like
57%
make
57%
never
57%
runway
57%
Still
57%
still
57%
This
57%
With
57%
afterwards
43%
almost
43%
and
43%
back
43%
be
43%
been
43%
blockin'
43%
bring
43%
Dracula
43%
Forever
43%
get
43%
go
43%
I'll
43%
keep
43%
lose
43%
mute
43%
myself
43%
of
43%
shade
43%
shoulders,
43%
sunrays
43%
taking
43%
they
43%
thought
43%
toned
43%
tryin'
43%
us
43%
Volume
43%
way
43%
Yeah,
43%
you've
43%
ah-ah
29%
are
29%
attract,
29%
care
29%
coldness,
29%
either
29%
everything
29%
excited
29%
feelings
29%
found
29%
From
29%
House
29%
how
29%
hurt
29%
ignite
29%
life
29%
Opposites
29%
passé
29%
second
29%
sincere
29%
these
29%
think
29%
through
29%
throwin'
29%
unlikely
29%
weird
29%
wins,
29%
years
29%
anything
14%
Blackjack
14%
coolness,
14%
dragging
14%
empty-minded
14%
grins
14%
more
14%
real
14%
scared
14%
tears
14%
(What?)
14%
odds
0%
trivialised
0%
wired
0%
No matching quizzes found
Score Distribution
Percent of People with Each Score
Percentile by Number Answered
Your Score History
You have not taken this quiz